Normal view
MARC view
- الحضارة-تاريخ
Entry Topical Term
001 - CONTROL NUMBER
- control field: 60443
003 - CONTROL NUMBER IDENTIFIER
- control field: JO-AjAnu
005 - DATE AND TIME OF LATEST TRANSACTION
- control field: 20230606083859.0
008 - FIXED-LENGTH DATA ELEMENTS
- fixed length control field: 230606|| aca||aabn | a|a d
040 ## - CATALOGING SOURCE
- Original cataloging agency: JO-AjAnu
- Transcribing agency: JO-AjAnu
150 ## - HEADING--TOPICAL TERM
- Topical term or geographic name entry element: الحضارة-تاريخ
670 ## - SOURCE DATA FOUND
- Source citation: Work cat.: (JO-AjAnu)30823: ديورانت، ول وايريل؛ ترجمة فؤاد اندراوس؛ مراجعة علي ادهم, author 60442, قصة الحضارة: عصر لويس الرابع عشر تاريخ الحضارة الاوربية في عصر بسكال وموليير وكرومول وملتن وبطرس الاكبر ونيوتن وسبينوزا 1648-1715، ج 33-34، مجلد8، الجزء الثالث والرابع